Statistics for Top 10 NBA Point Guards (NBA 2K24)

Click here to take the quiz!

General Stats

  • This quiz has been taken 31,080 times
    (6,316 since last reset)
  • The average score is 7 of 10

Answer Stats

RatingPositionPlayer% Correct
96PG / SGStephen Curry
98%
95PG / SGLuka Dončić
86%
94PGDamian Lillard
75%
93PG / SGShai Gilgeous-Alexander
67%
94SG / PGDevin Booker
64%
90SG / PGKyrie Irving
62%
89PG / SGJames Harden
60%
92PGJa Morant
57%
89PG / SGTrae Young
55%
92SG / PGDonovan Mitchell
46%

Score Distribution

Percentile by Number Answered

Percent of People with Each Score

Your Score History

You have not taken this quiz since the last reset